00445nam a2200145Ia 4500008004100000020001800041041000800059082001700067100003400084245007000118250000600188260006500194300001200259650002800271210716s2018 xx 000 0 und d a9789352136049 aeng a006.312 PATJ aPatterson, Josh;Gibson, Adam. aDeep learning: a practitioners approach.bPractitioners approach. a1 aNew DelhibShroff Publishers and Distributors Pvt Ltdc2018 axxi,507 aNeural Networks(006.32)